| 000 | 01501nam0a2200373 4500 | ||
|---|---|---|---|
| 001 | RU\NLR\BIBL_A\022688393 | ||
| 005 | 20260420061540.0 | ||
| 010 |
_a978-5-00250-741-2 _9521 |
||
| 021 |
_aRU _bКН-П-25-067558 _9КН-П-25-6536 |
||
| 035 | _a(NLR Aleph) 022688393 | ||
| 090 |
_a13687019 _c13687019 |
||
| 100 | _a20251216d2025 u y0rusy50 ca | ||
| 101 | 0 | _arus | |
| 102 | _aRU | ||
| 105 | _aa|||z|||000yy | ||
| 181 | 0 |
_ai3 _baxxe |
|
| 182 | 0 | _an | |
| 200 | 1 |
_aЭффективный конфликт _eкак защищать интересы и управлять сложной коммуникацией _fЮрий Клименко, Александра Клименко, Михаил Ромашов |
|
| 203 |
_aТекст _bвизуальный _cнепосредственный |
||
| 205 | _a2-е изд. | ||
| 210 |
_aМосква _cМИФ _d2025 |
||
| 215 |
_a302, [1] с. _cил., табл. _d22 |
||
| 300 | _aДоп. информ. в ссылках QR-кодов кн. | ||
| 333 | _a16+ | ||
| 606 | 1 |
_aКонфликты (психол.) _xРазрешение _xТренинг социально-психологический _92499797 _3RU\NLR\AUTH\661482706 |
|
| 686 | 1 | _aС550.73 | |
| 686 | 1 | _aЮ936.2-81 | |
| 700 | 1 |
_aКлименко _bЮ. _gЮрий |
|
| 701 | 1 |
_aКлименко _bА. _gАлександра |
|
| 701 | 1 |
_aРомашов _bМ. _gМихаил |
|
| 942 | _cBOOK | ||
| 980 | _aNB | ||